Cuando el aprendizaje es un problema (Registro nro. 7077)

Detalles MARC
000 -LEADER
fixed length control field 01107 a2200253 4500
001 - CONTROL NUMBER
control field 60621
005 - DATE AND TIME OF LATEST TRANSACTION
control field 20260407155858.0
008 - FIXED-LENGTH DATA ELEMENTS--GENERAL INFORMATION
fixed length control field 260407a1995 arg spa d
003 - CONTROL NUMBER IDENTIFIER
control field AR-UNSa-BCEJYS
040 ## - CATALOGING SOURCE
Original cataloging agency AR-UNSa-BCEJYS
Language of cataloging spa
Transcribing agency AR-UNSa-BCEJYS
080 ## - UNIVERSAL DECIMAL CLASSIFICATION NUMBER
Universal Decimal Classification number 37.015.3
Common auxiliary subdivision Psicología de la educación
020 ## - INTERNATIONAL STANDARD BOOK NUMBER
International Standard Book Number 978-950-9467-51-4
041 ## - LANGUAGE CODE
Language code of text/sound track or separate title spa
100 1# - MAIN ENTRY--PERSONAL NAME
Personal name Bleichmar, Silvia
245 10 - TITLE STATEMENT
Title Cuando el aprendizaje es un problema
264 #1 - PRODUCTION, PUBLICATION, DISTRIBUTION, MANUFACTURE, AND COPYRIGHT NOTICE
Place of production, publication, distribution, manufacture Buenos Aires :
Name of producer, publisher, distributor, manufacturer Miño y Dávila
Date of production, publication, distribution, manufacture, or copyright notice 1995
300 ## - PHYSICAL DESCRIPTION
Extent 153 p.
Dimensions 20 cm.
505 ## - FORMATTED CONTENTS NOTE
Formatted contents note 1. Aportes psicoanalíticos para la comprensión de la problemática cognitiva / Silvia Bleichmar - 2. Las teorías de aprendizaje y la práctica psicopedagógica / José Antonio Castorina – 3. Utopías organizadoras de futuro para viejos y nuevos soñadores / Graciela Frigerio – 4. Recursos cognitivos en sectores sociales marginales: ¿huellas del “bricoleur”? / Montserrat de la Cruz
590 ## - LOCAL NOTE (RLIN)
Local note niveau_biblio:m niveau_hierar:0
700 1# - ADDED ENTRY--PERSONAL NAME
Personal name Castorina, José Antonio
700 1# - ADDED ENTRY--PERSONAL NAME
Personal name Frigerio, Graciela
700 1# - ADDED ENTRY--PERSONAL NAME
Personal name Cruz, Montserrat de la
942 ## - ADDED ENTRY ELEMENTS (KOHA)
Koha item type
Existencias
Withdrawn status Lost status Damaged status Not for loan Home library Current library Shelving location Date acquired Total checkouts Full call number Barcode Date last seen Price effective from Koha item type Public note
        Biblioteca Prof. Eusebio Cleto del Rey Biblioteca Prof. Eusebio Cleto del Rey   07/04/2026   37.015.3 C961 L129268 07/04/2026 07/04/2026 Libro LÁPIZ PÁG 60